| 000 | 00638cam a2200193 a 4500 | ||
|---|---|---|---|
| 001 | 000007775 | ||
| 005 | 20200929154309.0 | ||
| 008 | 790613s1962 ck 000 0 spa | ||
| 040 |
_aDO-SdBNP _bspa _dBNPHU |
||
| 082 |
_aC863.44 _bZ35h |
||
| 100 | 1 |
_aZapata Olivella, Manuel. _921474 |
|
| 245 | 1 | 0 |
_aHe visto la noche : _blas raíces de la furia negra / _cManuel zapata Olivella. |
| 260 |
_aMedellín, Colombia : : _bBedout, _c[1962]. |
||
| 300 |
_a182 p. ; _c19 cm. |
||
| 490 | 1 |
_aBolsilibros Bedout _vno. 54 |
|
| 650 | 4 |
_aCuentos colombianos _921475 |
|
| 650 | 4 |
_aLiteratura colombiana _91244 |
|
| 830 | 0 |
_aBolsilibros Bedout ; _vno. 54 _93750 |
|
| 999 |
_c7553 _d7553 |
||